| 000 | 00880cam a2200241 a 4500 | ||
|---|---|---|---|
| 020 | _a0072485558 (acidfree paper) | ||
| 020 | _a0071151052 (international ed.) | ||
| 040 | _cDLC | ||
| 082 | 0 | 0 | _a004 HIL 2003 A006 Or. |
| 100 | 1 | _aWilliams, Brian K., | |
| 245 | 1 | 0 |
_aUsing information technology : _ba practical introduction to computers & communications : complete version / |
| 250 | _a5th ed. | ||
| 260 |
_aBoston : _bMcGraw-Hill/Irwin, _cc2003. |
||
| 300 |
_axxix, 482 p. : _bcol. ill. ; _c28 cm. |
||
| 650 | 0 | _aComputers. | |
| 650 | 0 | _aTelecommunication systems. | |
| 650 | 0 | _aInformation technology. | |
| 700 | 1 | _aSawyer, Stacey C. | |
| 856 | 4 | 2 | _uhttp://www.loc.gov/catdir/description/mh022/2002100742.html |
| 856 | 4 | 1 | _uhttp://www.loc.gov/catdir/toc/mh021/2002100742.html |
| 856 | 4 | 2 | _uhttp://www.loc.gov/catdir/enhancements/fy0737/2002100742-b.html |
| 942 | _cEK | ||
| 999 |
_c11956 _d11956 |
||